FIG and member associations: how to improve their relationship. (Record no. 85628)

MARC details
000 -LEADER
fixed length control field 00600cam a2200217 4500
008 - FIXED-LENGTH DATA ELEMENTS--GENERAL INFORMATION
fixed length control field 090401t1991 xxu||||| |||| 00| 0 eng d
020 ## - INTERNATIONAL STANDARD BOOK NUMBER
International Standard Book Number 9519620354
035 ## - SYSTEM CONTROL NUMBER
System control number (Sirsi) u1094
041 ## - LANGUAGE CODE
Language code of text/sound track or separate title eng
050 ## - LIBRARY OF CONGRESS CALL NUMBER
Classification number 526.90621
110 ## - MAIN ENTRY--CORPORATE NAME
Corporate name or jurisdiction name as entry element Federation International Des Geometres
245 ## - TITLE STATEMENT
Title FIG and member associations: how to improve their relationship.
260 ## - PUBLICATION, DISTRIBUTION, ETC.
Place of publication, distribution, etc. Helsinki
Name of publisher, distributor, etc. FIG Bureau
Date of publication, distribution, etc. 1991
300 ## - PHYSICAL DESCRIPTION
Extent 22p. : ill. ; 20cm.
350 ## - PRICE (NR) (BK AM CF MU VM SE) [OBSOLETE]
Price 0
490 ## - SERIES STATEMENT
Series statement FIG Publication
Volume/sequential designation 6
650 ## - SUBJECT ADDED ENTRY--TOPICAL TERM
Topical term or geographic name entry element SURVEYING ASSOCIATIONS
690 ## - LOCAL SUBJECT ADDED ENTRY--TOPICAL TERM (OCLC, RLIN)
Topical term or geographic name as entry element PROFESSIONAL PRACTICE
942 ## - ADDED ENTRY ELEMENTS (KOHA)
Suppress in OPAC 0
948 ## - LOCAL PROCESSING INFORMATION (OCLC); SERIES PART DESIGNATOR (RLIN)
c (OCLC) 04/03/1997
Holdings
Withdrawn status Lost status Source of classification or shelving scheme Damaged status Not for loan Home library Current library Shelving location Date acquired Total Checkouts Full call number Barcode Date last seen Copy number Price effective from Koha item type
    Dewey Decimal Classification     London London Basement 17/11/1992   SHELF 327 (PAMPHLET) 30043341 06/08/2019 1 06/08/2019 Reference material